Un Tennisman = un titre du Grand Chelem (Clic) - Statistiques

Statistiques générales
  • Ce quiz a été pris 89 fois
  • Le résultat moyen est 9 sur 20
Statistiques - réponses
Hint Réponse % Correct
JUAN MARTIN DEL POTRO US OPEN 2009
77%
RAFAEL NADAL ROLAND GARROS 2007
73%
ROGER FEDERER WIMBLEDON 2006
67%
GASTON GAUDIO ROLAND GARROS 2004
62%
NOVAK DJOKOVIC OPEN AUSTRALIE 2008
60%
GUSTAVO KUERTEN ROLAND GARROS 1997
58%
SERGI BRUGUERA ROLAND GARROS 1994
46%
GORAN IVANISEVIC WIMBLEDON 2001
46%
ANDY RODDICK US OPEN 2003
42%
BORIS BECKER OPEN AUSTRALIE 1991
40%
MARAT SAFIN OPEN AUSTRALIE 2005
37%
THOMAS MUSTER ROLAND GARROS 1995
37%
RICHARD KRAJICEK WIMBLEDON 1996
35%
ANDRES GOMEZ ROLAND GARROS 1990
33%
IEVGENI KAFELNIKOV OPEN AUSTRALIE 1999
29%
PATRICK RAFTER US OPEN 1998
29%
JIM COURIER OPEN AUSTRALIE 1993
27%
PETE SAMPRAS US OPEN 2002
25%
STEFAN EDBERG US OPEN 1992
21%
ANDRE AGASSI OPEN AUSTRALIE 2000
19%
Aucun quiz correspondant
Distribution des résultats
% des personnes avec chaque résultat
Percentile par nombre de réponses
Votre historique - résultats
Vous n’avez pas pris ce quiz